Human resources abstracts <an> international information service

Enregistré dans:
Détails bibliographiques
Format: Publication en série
Langue:anglais
Publié: London SAGE
Sujets:
Tags: Ajouter un tag
Pas de tags, Soyez le premier à ajouter un tag!

MARC

LEADER 00000nas1a22000001 4500
001 s120320
005 20250623075808.7
022 |a 0099-2453 
041 0 |a eng 
044 |a GB 
245 1 0 |a Human resources abstracts  |b <an> international information service 
264 1 |a London  |b SAGE 
610 2 0 |a zdroje ľudské 
610 2 0 |a trh práce 
610 2 0 |a práca personálna 
610 2 0 |a manažment personálny 
610 2 0 |a starostlivosť sociálna 
610 2 0 |a starostlivosť zdravotná 
610 2 0 |a bibliografia